Statistics for Great Plains States and Provinces on a Map

Click here to take the quiz!

General Stats

  • This quiz has been taken 30,742 times
  • The average score is 12 of 13

Answers on the Map

Answers color-coded by a green-red scale on the quiz's map according to % correct below.
 

Answer Stats

State% Correct
Texas
98%
North Dakota
96%
South Dakota
96%
Kansas
94%
Montana
94%
New Mexico
94%
Oklahoma
94%
Colorado
93%
Nebraska
92%
Wyoming
92%
Alberta
77%
Saskatchewan
66%
Manitoba
64%

Score Distribution

Percentile by Number Answered

Percent of People with Each Score

Your Score History

You have not taken this quiz